Между заговором и престолом (Запись № 692365)

Подробности
000 -МАРКЕР
контрольное поле 01628nam0a2200349 4500
001 - ИДЕНТИФИКАТОР ЗАПИСИ
контрольное поле RU\NLR\bibl\1327895
005 - ИДЕНТИФИКАТОР ВЕРСИИ
контрольное поле 20260408202534.0
010 ## - МЕЖДУНАРОДНЫЙ СТАНДАРТНЫЙ НОМЕР КНИГИ (ISBN)
Номер (ISBN) 978-5988-7277-8
Тираж 500
035 ## - ДРУГИЕ СИСТЕМНЫЕ НОМЕРА
Идентификатор записи (NLR Aleph) 001313159
100 ## - ДАННЫЕ ОБЩЕЙ ОБРАБОТКИ
Данные общей обработки 20090212d2008 |||y0rusy50 ca
101 0# - ЯЗЫК РЕСУРСА
Язык текста, звукозаписи и т.д. русский
102 ## - СТРАНА ПУБЛИКАЦИИ ИЛИ ПРОИЗВОДСТВА
Страна публикации Российская Федерация
105 ## - ПОЛЕ КОДИРОВАННЫХ ДАННЫХ: ТЕКСТОВЫЕ МАТЕРИАЛЫ, МОНОГРАФИЧЕСКИЕ
Кодированные данные о монографическом текстовом документе a |||||||||
200 1# - ЗАГЛАВИЕ И СВЕДЕНИЯ ОБ ОТВЕТСТВЕННОСТИ
Основное заглавие Между заговором и престолом
Сведения, относящиеся к заглавию Я.И. Ростовцев в событиях междуцарствия 1825 года
Первые сведения об ответственности П.В. Ильин
Последующие сведения об ответственности Рос. акад. наук, Санкт-Петерб. ин-т истории
210 ## - ПУБЛИКАЦИЯ, РАСПРОСТРАНЕНИЕ И ДР.
Место издания, распространения и т.д. Санкт-Петербург
Имя издателя, распространителя и т. д. Нестор-История
Дата издания, распространения и т.д. 2008
215 ## - ФИЗИЧЕСКАЯ ХАРАКТЕРИСТИКА
Специфическое обозначение материала и объем 297, [1] с., [4] л. ил., портр.
Размеры 22
316 ## - ПРИМЕЧАНИЯ ОБ ОСОБЕННОСТЯХ ЭКЗЕМПЛЯРА
Текст примечания С автогр. авт.
Организация и экземпляр, к которому относится поле NLR
316 ## - ПРИМЕЧАНИЯ ОБ ОСОБЕННОСТЯХ ЭКЗЕМПЛЯРА
Текст примечания автограф
Организация и экземпляр, к которому относится поле NLR:2009-5/1372
320 ## - ПРИМЕЧАНИЯ О НАЛИЧИИ В ДОКУМЕНТЕ БИБЛИОГРАФИИ / УКАЗАТЕЛЯ
Текст примечания Библиогр.: с. 295-296 и в подстроч. примеч.
517 0# - ДРУГИЕ ВАРИАНТЫ ЗАГЛАВИЯ
Вариант заглавия Я.И. Ростовцев в событиях междуцарствия 1825 года
600 #1 - ИМЯ ЛИЦА КАК ПРЕДМЕТ
Начальный элемент ввода Ростовцев
Часть имени, кроме начального элемента ввода Я. И.
Расширение инициалов личного имени Яков Иванович
Даты 1803 - 1860
Идентификатор авторитетной/нормативной записи RU\NLR\auth\661504937
Системный номер авторитетной/нормативной записи 2542187
686 ## - ИНДЕКСЫ ДРУГИХ КЛАССИФИКАЦИЙ
Индекс Т3(2)472-411
700 #1 - ИМЯ ЛИЦА - ПЕРВИЧНАЯ ОТВЕТСТВЕННОСТЬ
Код отношения Автор
Материалы, к которым относится поле rus
Графика поля Кириллица
Начальный элемент ввода Ильин
Часть имени, кроме начального элемента ввода П. В.
Дополнения к именам, кроме дат канд. ист. наук
Расширение инициалов личного имени Павел Владимирович
Идентификатор авторитетной/нормативной записи RU\NLR\auth\7773891
Системный номер авторитетной/нормативной записи 56819
702 #1 - ИМЯ ЛИЦА - ВТОРИЧНАЯ ОТВЕТСТВЕННОСТЬ
Код отношения Прочие
Материалы, к которым относится поле rus
Графика поля Кириллица
Начальный элемент ввода Ростовцев
Часть имени, кроме начального элемента ввода Я. И.
Даты 1803-1860
Расширение инициалов личного имени Яков Иванович
Идентификатор авторитетной/нормативной записи RU\NLR\AUTH\7773903
Системный номер авторитетной/нормативной записи 56831
801 #0 - ИСТОЧНИК ЗАПИСИ
Страна Российская Федерация
Организация NLR
Дата составления 20090212
Правила каталогизации RCR
801 #1 - ИСТОЧНИК ЗАПИСИ
Страна Российская Федерация
Организация NLR
Дата составления 20090212
830 ## - ОБЩЕЕ ПРИМЕЧАНИЕ, СОСТАВЛЕННОЕ КАТАЛОГИЗАТОРОМ
Текст примечания авт., перс. по кн.
942 ## - ДОПОЛНИТЕЛЬНЫЕ ЭЛЕМЕНТЫ ЗАПИСИ (АБИС)
Тип экземпляра АБИС Книга
980 ## - КОЛЛЕКЦИЯ
Название коллекции Национальная библиография
Экземпляры
Тип экземпляра Дата поступления Источник поступления Стоимость Библиотека постоянного хранения Библиотека текущего хранения Место хранения Шифр хранения Штрих-код Статус экземпляра
Книга 12.02.2009 Дар 100.00 РНБ (Московский) РНБ (Московский) Русский книжный фонд: издания с 1957 года 2009-5/1372 2850168  
Книга 14.04.2009 Покупка 512.00 РНБ (Московский) РНБ (Московский) Фонд общего зала социально-экономической литературы С1 Т3(2)472-411/И-460 1-426097  
Книга 14.04.2009 Покупка 512.00 РНБ (Садовая) РНБ (Садовая) Универсальный читальный зал У Т3(2)472-4/И-460 1-101573  
Книга 27.03.2019 Покупка 512.00 РНБ (Садовая) РНБ (Садовая) Фонд международного книгообмена   1-2642881 Доставлен в Фoнд
Книга 27.03.2019 Покупка 512.00 РНБ (Садовая) РНБ (Садовая) Фонд международного книгообмена   1-2642882 Доставлен в Фoнд